000 00323nam a22001457a 4500
008 210308b ||||| |||| 00| 0 eng d
020 _a9780328272778
041 _aeng
080 _a51
082 _251
100 _a38
101 _aMAT
245 _aEN vision Math
_cScott Foresman, Addison Wesley
942 _2udc
_cBK
999 _c55985
_d55985